| 000 | nam a22 7a 4500 | ||
|---|---|---|---|
| 999 |
_c126594 _d126594 |
||
| 008 | 170808b xxu||||| |||| 00| 0 eng d | ||
| 050 | _aBR1285.C539 | ||
| 245 |
_aChina Today _cGeorge A, Ninan ed. |
||
| 260 |
_aHong Kong _bChristian Conference of Asia _c1986 |
||
| 300 |
_a135p. ; _c23cm. |
||
| 650 |
_aChristianity _zChina _934641 |
||
| 942 |
_2lcc _cMONOGRAPH |
||